Countries with the Most Hospitals per Capita - Statistics

General Stats
  • This quiz has been taken 14 times
  • The average score is 6 of 15
Answer Stats
Answer Hospitals per 100k % Correct
Monaco 10.57
83%
Nauru 9.95
67%
Micronesia 4.83
58%
Samoa 4.20
58%
Cyprus 7.54
50%
Maldives 6.67
50%
Dominica 5.56
42%
Saint Kitts and Nevis 7.38
42%
Armenia 4.03
33%
Azerbaijan 7.97
33%
Belarus 7.45
33%
North Macedonia 4.08
17%
Guinea-Bissau 56.45
8%
North Korea 6.86
8%
Tajikistan 4.68
0%
No matching quizzes found
Score Distribution
Percent of People with Each Score
Percentile by Number Answered
Your Score History
You have not taken this quiz